Discrete mathematics and its applications (Record no. 35423)

MARC details
000 -LEADER
fixed length control field 00472nam a22001697a 4500
003 - CONTROL NUMBER IDENTIFIER
control field OSt
005 - DATE AND TIME OF LATEST TRANSACTION
control field 20220512113836.0
008 - FIXED-LENGTH DATA ELEMENTS--GENERAL INFORMATION
fixed length control field 220512b |||||||| |||| 00| 0 eng d
015 ## - NATIONAL BIBLIOGRAPHY NUMBER
National bibliography number 511 ROS 1995
020 ## - INTERNATIONAL STANDARD BOOK NUMBER
International Standard Book Number 0070681880
040 ## - CATALOGING SOURCE
Transcribing agency HU
100 ## - MAIN ENTRY--PERSONAL NAME
Personal name Rosen, Kenneth H.
9 (RLIN) 593
245 ## - TITLE STATEMENT
Title Discrete mathematics and its applications
260 ## - PUBLICATION, DISTRIBUTION, ETC.
Place of publication, distribution, etc. New York :
Name of publisher, distributor, etc. McGraw-Hill,
Date of publication, distribution, etc. ©1995.
300 ## - PHYSICAL DESCRIPTION
Extent xxii, [842] pages
Other physical details : illustrations ;
Dimensions 25 cm.
942 ## - ADDED ENTRY ELEMENTS (KOHA)
Source of classification or shelving scheme Dewey Decimal Classification
Koha item type Books like text book referance book
Suppress in OPAC No
Holdings
Withdrawn status Lost status Source of classification or shelving scheme Damaged status Not for loan Collection code Home library Current library Shelving location Date acquired Total Checkouts Full call number Barcode Date last seen Copy number Price effective from Koha item type
    Dewey Decimal Classification     Reference Wondo Genet Library Wondo Genet Library General Stacks 05/12/2022   511 ROS 1995 WGCFNRL00020017 05/12/2022 1 05/12/2022 Books like text book referance book